Central Library OPAC University of Rajshahi

স্মৃতির মণিকোঠায় বঙ্গবন্ধু শেখ মুজিবুর রহমান ও অন্যান্য / (Record no. 79138)

MARC details
000 -LEADER
fixed length control field 01039nam a2200241 a 4500
001 - CONTROL NUMBER
control field 79138
003 - CONTROL NUMBER IDENTIFIER
rucl marc code BD-RjUL
005 - DATE AND TIME OF LATEST TRANSACTION
control field 20220109123528.0
008 - FIXED-LENGTH DATA ELEMENTS--GENERAL INFORMATION
fixed length control field 220109s2021 bg ||||| |||| 00| 0 ben d
020 ## - INTERNATIONAL STANDARD BOOK NUMBER
International Standard Book Number 9789848033180
Terms of availability : Tk. 500.00
035 ## - SYSTEM CONTROL NUMBER
System control number (BD-RjUL)79138
040 ## - CATALOGING SOURCE
Original cataloging agency BD-RjUL
Language of cataloging eng
Transcribing agency BD-RjUL
041 ## - LANGUAGE CODE
Language code of text/sound track or separate title ben
082 ## - DEWEY DECIMAL CLASSIFICATION NUMBER
Edition number 23
Classification number 954.9205092
Author mark and year RAS 2021
245 ## - TITLE STATEMENT
Title স্মৃতির মণিকোঠায় বঙ্গবন্ধু শেখ মুজিবুর রহমান ও অন্যান্য /
Statement of responsibility, etc. মিজানুর রহমান
260 ## - PUBLICATION, DISTRIBUTION, ETC. (IMPRINT)
Place of publication, distribution, etc. ঢাকা :
Name of publisher, distributor, etc. মিজান পাবলিশার্স,
Date of publication, distribution, etc. ২০২১
300 ## - PHYSICAL DESCRIPTION
Pagination ২৪০ পৃ.;
Size ২২ সেমি.
600 ## - SUBJECT ADDED ENTRY--PERSONAL NAME
Personal name মুজিবুর রহমান,
Titles and other words associated with a name শেখ,
Dates associated with a name ১৯২০-১৯৭৫
Personal name Mujibur Rahman,
Titles and other words associated with a name Sheikh,
Dates associated with a name 1920-1975
650 ## - SUBJECT ADDED ENTRY--TOPICAL TERM
Topical term or geographic name as entry element বাংলাদেশ
General subdivision রাজনীতি ও সরকার
9 (RLIN) 284
Topical term or geographic name as entry element Bangladesh
General subdivision Politics and government
9 (RLIN) 285
942 ## - ADDED ENTRY ELEMENTS (KOHA)
Source of classification or shelving scheme Dewey Decimal Classification
Koha item type Books
Holdings
Lost status Source of classification or shelving scheme Damaged status Not for loan Collection code Permanent Location Current Location Shelving location Date acquired Source of acquisition Cost, normal purchase price Full call number Date last seen Copy number Koha item type Total Checkouts
  Dewey Decimal Classification   Not For Loan Non-fiction Central Library, University of Rajshahi Central Library, University of Rajshahi Bangabandhu Corner Section 02/12/2021 Rajshahi, News Home 375.00 B 954.9205092 RAS 2021 09/01/2022 C-1 Books  
  Dewey Decimal Classification     Non-fiction Central Library, University of Rajshahi Central Library, University of Rajshahi General Stacks 02/12/2021 Rajshahi, News Home 375.00 B 954.9205092 RAS 2021 09/01/2022 C-2 Books